La ciudad de la niebla

Saved in:
Bibliographic Details
Main Author: Baroja, Pío
Format: Book
Language:Undetermined
Published: Barcelona, España Bruguera 1983
Subjects:
Tags: Add Tag
No Tags, Be the first to tag this record!

MARC

LEADER 00000nam a2200000Ia 4500
008 170316s9999 xx 000 0 und d
040 |a cru BVZT 
090 |a 862 B-6ci 
100 |a Baroja, Pío 
245 |a La ciudad de la niebla 
260 |a Barcelona, España 
260 |b Bruguera 
260 |c 1983 
300 |a 249 páginas 
650 |a LITERATURA ESPAÑOLA 
999 |c 9558  |d 9558 
942 |c 15 D  |h 862 B-6ci  |2 z